000 00544nam a22002057a 4500
003 Ost
005 20250319194954.0
008 250319b |||||||| |||| 00| 0 eng d
020 _a9781118308820
040 _cBT-PhCST
050 _a25227
082 _222
_a720.68
_bHAY
100 _aHayes, R. L.
245 _aThe architect's handbook of professional practice /
250 _a15th ed.
260 _aCanada,
_bJohn Wiley & Sons, Inc.,
_cc2014
300 _axvii, 1165 p. :
_bill. ;
_c29 cm.
500 _aIncludes index.
942 _2ddc
_cAE
999 _c9932
_d9932